000 00635nam a2200217 a 4500
001 000030683
003 OSt
005 20240412074255.0
008 110525s1936 dr 000 p spa d
040 _aDO-SdBNP
_bspa
_cBNPHU
082 4 _aRD861.4
_bV443a
100 1 _aVeloz, Livia
_d1892-1980
_930270
245 1 0 _aAcordes /
_cLivia Veloz.
260 _aCiudad Trujillo, República Dominicana :
_bP. A. Gómez,
_c1936.
300 _a45 p. ;
_c22 cm.
590 _aInventariado, 2018/LP
650 0 _aPoesía dominicana
_966
650 0 _aLiteratura dominicana.
_967
910 _aValidado. Control de calidad MFF
942 _2ddc
_cLF1
999 _c30175
_d30175